| 000 | 00453ntaaa2200181 4500 | ||
|---|---|---|---|
| 003 | 01 | ||
| 005 | 20251027203045.0 | ||
| 008 | 0714s1973 ag 01 | ||
| 040 |
_aAR-BaBN _bspa _cAR-BaBN _eaacr _dRIC |
||
| 082 | _a320.9820 P42h | ||
| 100 |
_aPeron, Juan Domingo _925059 |
||
| 245 | _aLa hora de los pueblos | ||
| 250 | _a1 ed. | ||
| 260 |
_aMadrid : _bEditorial Norte, _c1968 |
||
| 300 |
_a193 p. ; _c19 cm |
||
| 650 | _aCiencia polĂtica | ||
| 942 | _cBK | ||
| 999 |
_c25916 _d25916 |
||